| 000 | 00852nam a2200229Ia 4500 | ||
|---|---|---|---|
| 001 | L854-37218 | ||
| 003 | IT-CnALBA | ||
| 008 | 170116s9999||||xx |||||||||||||| ||und|| | ||
| 040 |
_aIT-CnALBA _cIT-CnALBA |
||
| 041 | _aITALIANO | ||
| 100 | _aCASA FAUSTO | ||
| 245 | 0 | _aPER MEGLIO CONOSCERE I PROMESSI SPOSI. | |
| 250 | _a1a ed. | ||
| 260 |
_a PADOVA _bMESSAGGERO DI S. ANTONIO _c1961 [1° Ed.:1961 - Ed.Ling.Originale: 1961] |
||
| 300 | _a251 p. | ||
| 500 | _aCENNI BIOGRAFICI SU MANZONI. OPERE INTRODUZIONE. NOTE E COMMENTI AI VARI CAPITOLI. | ||
| 501 | _aSocietà San Paolo EM - Piazza San Paolo, 14 - 12051 ALBA (CN) (non commercial uses only) ® Copyright 2017 | ||
| 520 | _aCENNI BIOGRAFICI SU MANZONI. OPERE INTRODUZIONE. NOTE E COMMENTI AI VARI CAPITOLI. | ||
| 650 | _aSAGGISTICA ITALIANA | ||
| 942 | _cBK | ||
| 957 | _71 | ||
| 999 |
_a41990 _bNO _g Copie: 1 _c296025 _d296025 |
||